| 000 | 00810aam a2200289 i 4500 | ||
|---|---|---|---|
| 001 | 768714001 | ||
| 003 | CO-MdFUSB | ||
| 005 | 20251114162405.0 | ||
| 007 | ta | ||
| 008 | 251114t1929 -us |||| |||| 00| 0 spa d | ||
| 040 | _cCO-MdFUSB | ||
| 041 | 0 | _aeng | |
| 082 | 0 | 4 |
_223 _a253.1 _bC4331t |
| 100 | 1 |
_aChafer, Lewis Sperry (1871-1952) _eautor |
|
| 245 | 1 | 0 |
_aTrue evangelism : _bor winning souls by prayer _c/ Lewis Sperry Chafer |
| 264 | 1 |
_bBible Institute Colportage, _aChicago, ILL., USA : _c[1929] |
|
| 264 | 4 | _c©1929 | |
| 300 | _a143 páginas | ||
| 336 |
_atexto _btxt _2rdacontent |
||
| 337 |
_2rdamedia _asin mediación _bn |
||
| 338 |
_2rdacarrier _avolumen _bnc |
||
| 563 | _aPasta dura | ||
| 650 | 0 |
_aEvangelización _9362 |
|
| 942 | _cBK | ||
| 945 | _aJTF-925 | ||
| 999 |
_c36609 _d36609 |
||